00600nam a22001937a 450000500170000001000150001702000260003202000230005803500130008103700130009408200100010710000190011724500770013626000440021327000460025730000330030350000500033670000200038620140312111623.0 aENG-109534 c399.00a9781259029554 c399.00a1259029557 aEN-93067 bDBAD/PUB a581.2 aMehrotra, R.S.00aFundamentals of plant pathology /cby R.S. Mehrotra [and] Ashok Aggarwal aNew DelhibMcGraw Hill Education c2013 aP-24, Green Park Extn.bNew Delhie110016 axix,433p. :c24cm(pbk)bill. aIncludes bibliographical references and index aAggarwal, Ashok